Premoniciones de la independencia de Iberoamérica: Las reflexiones de Jose de Ábalos y el Conde de Aranda sobre la situación de la América española a finales del siglo XVIII. Premonicoes da independencia da Ibero-América: As reflexoes da José de Ábalos e do Conde de Aranda sobre a situacao da América espanhola em fins do século XVIII

Guardado en:
Detalles Bibliográficos
Autor principal: Lucena Giraldo, Manuel (autor)
Formato: Libro
Lenguaje:español
portugués
Publicado: Madrid Fundación MAPFRE TAVERA 2003
Madrid Doce Calles 2003
Materias:
Etiquetas: Agregar Etiqueta
Sin Etiquetas, Sea el primero en etiquetar este registro!

MARC

LEADER 00000nam a2200000 a 4500
001 UCH4929
003 CL-VaPUC
008 090910e20030000sp |||||||||||||||||spa|d
020 |a 8484790460 
041 0 7 |a spa  |2 CL-VaPUC 
041 0 7 |a por  |2 CL-VaPUC 
082 0 4 |a 980.02  |b LUC  |2 21 
100 |a Lucena Giraldo, Manuel  |e autor  |9 545904 
245 1 0 |a Premoniciones de la independencia de Iberoamérica: Las reflexiones de Jose de Ábalos y el Conde de Aranda sobre la situación de la América española a finales del siglo XVIII. Premonicoes da independencia da Ibero-América: As reflexoes da José de Ábalos e do Conde de Aranda sobre a situacao da América espanhola em fins do século XVIII 
300 |a 89 p 
942 |c BK 
945 |d 20090910 00:00:00  |a dcastane 
260 |a Madrid  |b Fundación MAPFRE TAVERA  |c 2003 
260 |a Madrid  |b Doce Calles  |c 2003 
650 0 |a Historia de América  |9 266076 
650 0 |a Independencia Americana  |9 395691 
650 7 |a LIBERTADORES  |2 CL-VaPUC  |9 317968 
651 0 |a América Latina   |9 255027 
583 |a last modification  |c 20171011 01:43:01  |k Rodrigo Vera 
999 |c 336160  |d 336158 
952 |0 0  |1 0  |4 0  |6 980_020000000000000_LUC_2003_2003  |7 0  |8 X  |9 427137  |a FDOBUD  |b FDOBUD  |d 2019-11-22  |i 4597869  |o 980.02 LUC 2003 2003  |p 4597869  |r 2019-11-22  |w 2019-11-22  |y BK_X  |k BUD